Statistics for Air Namibia-Windhoek

Click here to take the quiz!

General Stats

  • This quiz has been taken 12 times
  • The average score is 9 of 17

Answer Stats

Country Airport % Correct
AngolaLuanda
100%
South AfricaCape Town
89%
South AfricaJohannesburg
89%
NigeriaLagos
89%
GhanaAccra
78%
ZimbabweHarare
78%
ZambiaLusaka
78%
South AfricaDurban
78%
GermanyFrankfurt
67%
BotswanaGaborone
67%
NamibiaWalvis Bay
44%
ZimbabweVictoria Falls
22%
NamibiaLüderitz
22%
NamibiaOranjemund
11%
NamibiaRundu
11%
NamibiaOndangwa
0%
NamibiaKatima Mulilo
0%

Score Distribution

Percentile by Number Answered

Percent of People with Each Score

Your Score History

You have not taken this quiz